Luktu gleznojumi Rīgas Sv

Titel: Luktu gleznojumi Rīgas Sv : Pētera baznīcā krāsotāju cunftes meistara Korda Meijera daiļrades kontekstā
Verfasser:
In: Latvijas Zinātņu Akadēmija: Latvijas Zinātnu Akadēmijas vēstis. A daļa, Sociālās un humanitārās zinātnes, Band 67 (2013), Seite 160-179, 8 Abb.
alle Artikel anzeigen
Veröffentlicht: 2013
Format: Aufsatz
Sprache: Lettisch
Kein Bild verfügbar
X
alg: 39176552
001A    $01999:11-11-16 
001B    $01999:15-05-21 $t21:03:47.000 
001C    $06050:19-11-16 $t09:36:02.000 
001D    $01999:11-11-16 
001U    $0utf8 
001X    $00 
002@    $0Aox 
003@    $0391765523 
007A    $0391765523 $aHEB 
007T    $0Herdc0111902m 
010@    $alav 
011@    $a2013 
021A    $aLuktu gleznojumi Rīgas Sv $dPētera baznīcā krāsotāju cunftes meistara Korda Meijera daiļrades kontekstā 
028A    $aStrupule $dVija 
031A    $d67 $h160-179, 8 Abb. $j2013 
037A    $aengl. Res. 178: Loft paintings of St. Peter's church in Riga in the context of creative work of Cord Meyer - the master of Riga's painters guild 
039B    $aIn $8--Abvc--Latvijas Zinātņu Akadēmija [Tb1]. Latvijas Zinātnu Akadēmijas vēstis. A daļa, Sociālās un humanitārās zinātnes. - Rīgā, 1992-. - ISSN 0868-6556 $x201300000670000840 $9048608599 
045F    $a929.094796 $eDDC23BSB 
045F/01 $a929 
045F/03 $g4796 
045T    $a24 $a7,44 

lok: 39176552 78

exp: 39176552 78 1 #EPN
201B/01 $020-12-17 $t22:58:11.000 
201U/01 $0utf8 
203@/01 $0787860395 
208@/01 $a11-11-16 $be 
209A/01 $a/ $f000 $x00 
220C/01 $aTitelaufnehmer: kk 
220C/01 $aHerkunft: HI Marburg 
244Z/01 $2Trx $#Latvija $#Lettland $#Łotwa $#Lotyšsko $8--Trx--Latvija $x01 $9391275879 
244Z/01 $#Riga $#Rīga $#Ryga $#Riega $#Riga in Lieffland $#Rigae Livonum $#Rygae $#Righa $74050042-1 $8--Tg1--Riga $x02 $9085139726 
244Z/01 $2Trx $8--Trx--Lüneburg $x03 $9391305565 
244Z/01 $aGeschichte 1672-1682 $x04 
244Z/01 $2Trx $#Meijers, Kords $8--Trx--Meyer, Cord $x05 $939052333X 
244Z/01 $2Trx $#kunst, sakraalne $#sakralinis menas $#Art, sacred $#müvészet, szakrális $#sztuka sakralna $#umenie sakrálne $#umění sakrální $8--Trx--Kunst, sakrale $x06 $9391354639 
244Z/01 $2Trx $#tsunftid $#amatininkų cechai $#guilds $#céhek $#cechy rzemieślnicze $#cechy $#cechy $#Gilden $8--Trx--Zünfte $x07 $9391367013 
244Z/01 $2Trx $#illustratsioonid $#iliustracijos $#Illustrations $#illusztrációk $#ilustracje $#ilustrácie $#ilustrace $8--Trx--Illustrationen $x08 $9391374591 
244Z/01 $2Trx $#Piibel $#Biblija $#Bībele $#Bible $#Biblia $#Biblia $#biblia $#bible $8--Trx--Bibel $x09 $939135485X 
244Z/01 $2Trx $#maalrid $#dailininkai $#painters artists $#festö $#malarze artyści $#maliari $#malíři $8--Trx--Maler$gKünstler $x10 $9391383302 
244Z/01 $2Trx $8--Trx--Zeitschriftenaufsatz $x11 $9391384341 
245Z/01 $a12.03 $x01 
247C/01 $82080>Marburg/Lahn, Herder-Institut, Forschungsbibliothek, Bibliographieportal $9336309341
LEADER 00000caa a22000002c 4500
001 391765523
003 DE-603
005 20210515210347.0
007 tu
008 161111s2013 xx |||| | u00||u|lav c
035 |a (DE-599)HEB391765523 
040 |a DE-603  |b ger  |c DE-603  |d DE-603 
041 |a lav 
082 0 4 |8 1\u  |a 929.094796  |q DE-101  |2 23/BSB 
084 |a 24  |a 7,44  |2 ssgn 
085 |8 1\u  |b 929 
085 |8 1\u  |z 2  |s 4796 
100 1 |a Strupule, Vija 
245 0 0 |a Luktu gleznojumi Rīgas Sv  |b Pētera baznīcā krāsotāju cunftes meistara Korda Meijera daiļrades kontekstā 
264 0 |c 2013 
500 |a engl. Res. 178: Loft paintings of St. Peter's church in Riga in the context of creative work of Cord Meyer - the master of Riga's painters guild 
773 0 8 |i In  |a Latvijas Zinātņu Akadēmija  |t Latvijas Zinātnu Akadēmijas vēstis. A daļa, Sociālās un humanitārās zinātnes  |d Rīgā, 1992-  |x 0868-6556  |g Band 67 (2013), Seite 160-179, 8 Abb.  |w (DE-603)048608599  |w (DE-600)1116654-X 
924 0 |9 2080  |a (DE-603)787860395  |b DE-2080  |c HES  |d d  |g /